Diversity, conflict and leadership /
| Format: | Book |
|---|---|
| Published: |
New Brunswick, New Jersey:
Transaction Pub,,
c2011.
|
| Subjects: |
| LEADER | 00480cam a2200169 7i4500 | ||
|---|---|---|---|
| 001 | 0000038922 | ||
| 005 | 20151104090000.0 | ||
| 005 | ##20151104150100.0 | ||
| 003 | ##MY-KlINT | ||
| 020 | # | # | |a 9781412842662; RM239.00 |
| 039 | # | 9 | |y 201511041501 |z VLOAD |
| 090 | 0 | 0 | |a 658.4092 |b DIV |
| 245 | 0 | 0 | |a Diversity, conflict and leadership / |c editor M. Afzalur Rahim. |
| 260 | # | # | |a New Brunswick, New Jersey: |b Transaction Pub,, |c c2011. |
| 300 | # | # | |a vii,246p; |c 23cm. |
| 650 | # | 0 | |a Conflict |
| 650 | # | 0 | |a Leadership |